| Record ID | marc_records_scriblio_net/part05.dat:109692003:604 |
| Source | Scriblio |
| Download Link | /show-records/marc_records_scriblio_net/part05.dat:109692003:604?format=raw |
LEADER: 00604cam 22002051 4500
001 64057453
003 DLC
005 20050508155132.0
008 720410s1964 mau 000 0 eng
010 $a 64057453
015 $aGB64-20295
035 $a(OCoLC)279706
040 $aDLC$cOYesA$dOCoLC$dUk$dDLC
042 $apremarc
050 00 $aB3329.S49673$bM43 1964
100 1 $aSchrödinger, Erwin,$d1887-1961.
245 10 $aMy view of the world.$cTranslated from the German by Cecily Hastings.
260 $aCambridge,$bUniversity Press,$c1964.
300 $aviii, 109 p.$c21 cm.
650 0 $aPhilosophy of nature.